Microsoft Windows NT 4.0 Upgrade Training CD-ROM : Course Material : Microsoft Internet Explorer 3.0 /

Guía para la instalación, configuración, soporte y solución de problemas de la versión 4.0 de la plataforma Windows NT, tanto para servidores como para estaciones de trabajo. El material es presentado en formato HTML, como si de tratara de una clase en línea, por lo que es necesario tener instalado...

Ful tanımlama

Kaydedildi:
Detaylı Bibliyografya
Materyal Türü: Elektronik
Dil:İngilizce
Baskı/Yayın Bilgisi: Redmond, EUA : Microsoft, 1996, c1996
Konular:
Etiketler: Etiketle
Etiket eklenmemiş, İlk siz ekleyin!

MARC

LEADER 00000nmm^a2200000^a^4500
001 000134554
005 20250521000000.0
009 20260310095211.563
037 |a Acervo ITESO - Biblioteca 
041 |a ING 
082 |a 005. 43  |b MIC 
245 0 0 |a Microsoft Windows NT 4.0 Upgrade Training CD-ROM :  |b Course Material : Microsoft Internet Explorer 3.0 / 
264 4 |a Redmond, EUA :  |b Microsoft,  |c 1996, c1996 
300 |a 1 disco compacto de computadora 
336 |a datos para computadora  |b cod  |2 rdacontenido 
337 |a computadora  |b c  |2 rdamedio 
338 |a disco de computadora  |b cd  |2 rdasoporte 
520 |a Guía para la instalación, configuración, soporte y solución de problemas de la versión 4.0 de la plataforma Windows NT, tanto para servidores como para estaciones de trabajo. El material es presentado en formato HTML, como si de tratara de una clase en línea, por lo que es necesario tener instalado en la computadora donde se llevará a cabo el curso, el Explorador de Internet, versión 3.0. 
649 |a XX 
650 |a Sistemas Operativos 
650 |a Redes de Computadoras -  |x Administración 
650 |a Internet 
650 |a Comunicación en Red 
650 |a Ingeniería Computacional 
910 |a Fondo General 
920 |a Electrónicos - Recursos en Disco 
905 |a 207 
901 |a SFW0000173  |b IT2  |c SWS  |u 20250521 
902 |a https://opac.biblio.iteso.mx/vufind/Record/000134554